00886nam a2200217 a 4500001001000000003000400010005001700014008004100031040002500072082002400097100003700121245009000158260003900248300002000287590002800307651009700335651009500432942001300527952011100540999001700651000030748OSt20201009155250.0110527s1946 dr 000 0 spa d aDO-SdBNPbspacBNPHU a330.97293053bP438a1 aPérez Licairac, Horacio92428110aAspectos de la liberación financiera de la República /cHorario Pérez Licairac. a[Santo Domingo] :b[s.n. ],c1946. a30 p. ;c21 cm. aInventariado, 2019 / DG 4aRepública DominicanaxPolítica económica xHistoriayEra de Trujillo, 1930-1961976833 4aRepública DominicanaxPolítica y gobiernoxHistoriayEra de Trujillo, 1930-1961913076 2ddccLF1 00102ddc718RVaPDbPDcHDd2011-05-27iLF1l0o330.97293053 P438ap30748-10r2020-06-25w2020-06-25y1 c30240d30240